10 Países Europeus com mais turistas - Statistics

Estatísticas Gerais
  • Esse quiz foi jogado 1 310 vezes
  • A pontuação média é 8 de 10
Estatísticas das Respostas
Nº. de Chegadas País % Correto
82.8 m Espanha
97%
89.4 m França
97%
38.9 m Alemanha
94%
62.1 m Itália
94%
22.8 m Portugal
92%
36.3 m Reino Unido
86%
24.6 m Rússia
76%
30.1 m Grécia
73%
19.6 m Polónia
60%
30.8 m Áustria
50%
Nenhum quiz correspondente encontrado
Distribuição das Pontuações
Porcentagem de Pessoas com Cada Pontuação
Percentil de Números Respondidos
Sua Pontuação Histórica
Você não jogou esse quiz